| 000 | 00513nam a2200169Ia 4500 | ||
|---|---|---|---|
| 003 | SGT | ||
| 020 | _a9788131708415 | ||
| 082 |
_a510 _bGRA |
||
| 100 | _aGraham, Ronald L. | ||
| 245 | _aConcrete mathematics : a foundation for computer science | ||
| 250 | _a2nd Ed. | ||
| 260 |
_bPearson _aN.Delhi _c2011 |
||
| 300 | _a643p. | ||
| 650 | _aMATHEMATICS | ||
| 653 | _aRECURRENT PROBLEMS, SUMS, INTEGER FUNCTIONS, NUMBER THEORY, BINOMIAL COEFFICIENTS, GENERATING FUNCTIONS,DISCRETE PROBABILITY | ||
| 942 |
_2ddc _cBK _011 |
||
| 999 |
_c5140 _d5140 |
||